| 000 | 00506cam a22001451 4500 | ||
|---|---|---|---|
| 082 |
_a971.02 _bluc _cD |
||
| 100 | 1 |
_aLucas, Charles Prestwood, _949477 |
|
| 245 | 0 | 2 |
_aA history of Canada, 1763-1812, _cby Sir C. P. Lucas, K. C. M. G., C. B. |
| 260 |
_aOxford, _bClarendon press, _c1909. |
||
| 300 |
_a3 p. l., 360 p. _b6 fold. maps, fold. plan. _c23 cm. |
||
| 526 |
_a0 _b0 _c0 _d971_020000000000000_LUC |
||
| 650 |
_aMCE _9379 |
||
| 856 | 4 | 1 | _uhttp://www.loc.gov/catdir/toc/fy0605/09016814.html |
| 942 |
_2ddc _cBK |
||
| 999 |
_c552845 _d552845 |
||